000 00647nam a2200241Ia 4500
008 200601s9999 xx 000 0 und d
020 _a978-0-471-92291-9
050 _aREF F 319
050 _b.M55 2006
100 _aMiller, Laura.
245 0 _aWalt Disney world & Orlando 2007 /
245 0 _cLaura Miller.
260 _aNew Jersey :
260 _bWiley Publishing,
260 _c2007
300 _a402 pages :
300 _billustrations (some color) ;
300 _c21 cm.
440 _aFrommer's
500 _aIncludes index.
650 _aOrlando (FLA) -- Guidebooks.
650 _xWalt Disney World (FLA) -- Guidebooks.
999 _c363324
_d363324